Представление документа в формате RUSMARC

ПолеНазваниеЗначение
  Тип записи a
  Библиографический уровень a
001 Контрольный номер UONB/MAIN/e09a5ba21e2d430c87660c8905a0a06e
005 Дата корректировки 20260403144631.4
100 Данные общей обработки __
a Данные общей обработки 20260403 ||| 0rusy0189 ca
101 Язык документа 0_
a Язык текста rus
102 Страна публикации __
a Страна публикации RU
200 Заглавие и сведения об ответственности 1_
a Заглавие Помним ...
f Первые сведения об ответственности С. Слюняев
203 Вид содержания и тип средства __
a Вид содержания Текст
b Характеристика содержания визуальный
c Тип средства непосредственный
215 Физическое описание __
c Иллюстрации/тип воспроизводства ил., фот.
330 Аннотация __
a Аннотация Боевой и трудовой путь Г. З. Мавзютова - участника Великой Отечественной войны, защитника Сталинграда, первого секретаря Мелекесского райкома КПСС (1965-1982 гг.)
461 Уровень набора _0
1 2000
a Мелекесские вести
463 Уровень физической единицы _0
1 2000
a № 5 (13234) (30 января)
v С. 6
1 2101
d 2026
1 001UONB/MAIN/af3e82c4720f4f8cbefa5bb2d465b6ab
600 Персоналии _1
a Персоналии (Фамилия) Мавзютов
b Персоналии (Имя, инициалы) Г. З.
g Полное имя Газис Загрукович
607 Географические рубрики __
a Географическое наименование Мелекесский район (Ульяновская область)
610 Ключевые слова 0_
a Ключевые слова участники Великой Отечественной войны; защитники Сталинграда; участники Сталинградской битвы; первые секретари райкома КПСС
686 Индексы других классификаций __
a Классификационный индекс 63.372.278
700 Автор _1
a Фамилия Слюняев
b Имя (инициалы) С.
g Полное личное имя Сергей
801 Источник записи _0
a Страна RU
b Организация Ульяновская ОНБ
c Дата составления 20260403
g Правила каталогизации RCR
801 Источник записи _1
a Страна RU
b Организация Ульяновская ОНБ
c Дата составления 20260403
g Правила каталогизации RCR
901 Тип документа __
t Тип документа f
w Контрольный № источника UONB/MAIN/af3e82c4720f4f8cbefa5bb2d465b6ab
909 Создатель записи __
a Создатель записи Кулагина
b Дата создания записи 20260403